Zborník referátov a diskusných príspevkov z vedeckej konferencie o dejinách kartografie na Slovensku Trenčín, marec 1976

Bibliographic Details
Corporate Author: Trenčianske múzeum v Trenčíne
Format: Book
Language:Slovak
PhysicalDescription:95 s. [1] s. 20 cm
Published: Trenčín Trenčianske múzeum 1976
Subjects:

MARC

LEADER 00000cam a2200000 a 4500
001 vtls010278623
003 SK-MaSNL
005 20260425223126.0
008 180814s1976 xo f 000 0 slo
040 |a SNK  |b slo  |c SNK  |e AACR2 
041 0 |a slo 
043 |a e-xo--- 
044 |a xo  |c SK 
072 7 |a 528  |x Geodézia. Kartografia  |2 konspekt 
080 |a 528.9  |2 2001 
080 |a (437.6)  |2 2001 
080 |a (082)  |2 2001 
245 0 0 |a Zborník referátov a diskusných príspevkov z vedeckej konferencie o dejinách kartografie na Slovensku  |b Trenčín, marec 1976 
260 |a Trenčín  |b Trenčianske múzeum  |c 1976  |e Trenčín  |f Západoslovenské tlačiarne, n. p.; 
300 |a 95 s. [1] s.  |c 20 cm 
504 |a Obsahuje bilbiografiu; bibliografické odkazy 
650 0 7 |a kartografia  |2 SNKPH  |9 820 
651 7 |a Slovensko  |2 SNKPH  |9 14231 
655 7 |a zborníky  |2 SNKPH  |9 70165 
710 2 |a Trenčianske múzeum v Trenčíne  |9 251520 
852 |a Slovenská národná knižnica v Martine  |b 10000  |h SD 46264 
958 |a OND 
999 |c 577264  |d 579194 
952 |a SNK  |b SNK  |y VYP  |7 0  |p 17A1187122  |o snkSD 46264 D1  |i snkKSP 7588/76  |3 Rekatalogizácia  |0 0  |1 0  |4 0  |d 2017-01-12  |l 0  |r 2026-02-23 14:37:46  |w 2026-02-23